00708nam a2200181 i 4500001000300000245005700003260002100060490008900081700003300170830008300203040000800286041000800294942000700302008004100309999001700350856009800367952006100465bg 0aObróbka wiórowa /c[red. zesz.] Hilary Gumienny. aWrocław,c1970.1 aPrace Naukowe Instytutu Technologii Budowy Maszyn Politechniki Wrocławskiej ;vnr 21 aGUMIENNY, Hilary.eRed. nauk aPrace Naukowe Instytutu Technologii Budowy Maszyn Politechniki Wrocławskiej ; cBPK apol cKS s pl f |000 0 pol  c20652d20652 uhttp://koha.tu.koszalin.pl/cgi-bin/koha/opac-detail.pl?biblionumber=20652yKatalog online BPK 00104070aBPKbBPKcwo29063p01621983s2016-03-30yKS